[Event "Troya op 23rd"]
[Site "Canakkale"]
[Date "2015.08.11"]
[Round "5"]
[White "Kalinaga, Alper"]
[Black "Aydin, Akin"]
[Result "1-0"]
[WhiteElo "2018"]
[BlackElo "1747"]
[PlyCount "55"]
[EventDate "2015.08.08"]
[EventType "swiss"]
[EventRounds "9"]
[EventCountry "TUR"]
[SourceTitle "CBM 167 Extra"]
[Source "ChessBase"]
[SourceDate "2015.09.14"]
[SourceVersion "1"]
[SourceVersionDate "2015.09.14"]
[SourceQuality "1"]

1. d4 e6 2. c4 b6 3. Nf3 Bb7 4. g3 f5 5. Bg2 Nf6 6. 0-0 Be7 7. Nc3 0-0 8. d5 Na6 9. Nd4 Bc5 10. dxe6 Bxg2 11. Kxg2 Bxd4 12. Qxd4 dxe6 13. Qe5 Qd6 14. Qb5 Nc5 15. Rd1 a6 16. Qb4 Qc6+ 17. f3 Rad8 18. Be3 Ng4 19. Bg1 f4 20. gxf4 Nh6 21. Bxc5 bxc5 22. Qa4 Qb6 23. Rxd8 Rxd8 24. Rd1 Rf8 25. Qd7 Nf5 26. Na4 Qb4 27. Qxe6+ Kh8 28. Qxf5 1-0

[Event "Troya op 21st"]
[Site "Canakkale"]
[Date "2013.08.18"]
[Round "3"]
[White "Kalinaga, Alper"]
[Black "Cengiz, Anil"]
[Result "1-0"]
[WhiteElo "2130"]
[BlackElo "1661"]
[PlyCount "117"]
[EventDate "2013.08.17"]
[EventType "swiss"]
[EventRounds "9"]
[EventCountry "TUR"]
[SourceTitle "CBM 156 Extra"]
[Source "ChessBase"]
[SourceDate "2013.10.22"]
[SourceVersion "1"]
[SourceVersionDate "2013.10.22"]
[SourceQuality "1"]

1. d4 d5 2. c4 e6 3. Nc3 c5 4. cxd5 exd5 5. Nf3 Nc6 6. Qa4 Be6 7. Bf4 Rc8 8. e3 Nf6 9. Bb5 Qb6 10. 0-0 Be7 11. dxc5 Bxc5 12. Be5 Be7 13. Bd4 Bc5 14. Bxf6 gxf6 15. Qh4 Be7 16. Qh5 a6 17. Nd4 Kf8 18. Bxc6 bxc6 19. b3 Qb4 20. Rac1 Qd6 21. Nce2 c5 22. Nf5 Bxf5 23. Qxf5 Qe6 24. Qf3 Rg8 25. Rfd1 Rg5 26. Nf4 Qe4 27. Qxe4 dxe4 28. Rc4 Re5 29. Nd5 Rd8 30. Nc3 Rxd1+ 31. Nxd1 Rd5 32. Nc3 Rd2 33. g4 Rc2 34. Nxe4 Rxa2 35. Ra4 Rxa4 36. bxa4 Ke8 37. Nc3 Kd7 38. Nd5 Bd8 39. e4 Kd6 40. f4 c4 41. Kf2 Kc5 42. Ke3 h6 43. f5 Bb6 44. Nxb6 Kxb6 45. Kd4 Ka5 46. Kxc4 Kxa4 47. h4 a5 48. e5 fxe5 49. g5 hxg5 50. hxg5 e4 51. g6 fxg6 52. fxg6 e3 53. Kd3 e2 54. Kxe2 Kb3 55. g7 a4 56. g8Q+ Kb2 57. Qb8+ Ka2 58. Kd2 a3 59. Kc1 1-0